Statistics for How Many Of Each Letter Is In That Sentence #2

Click here to take the quiz!

General Stats

  • This quiz has been taken 24 times
    (10 since last reset)
  • The average score is 21 of 26

Answer Stats

LetterAnswer% Correct
B0
100%
C0
100%
D0
100%
F0
100%
J0
100%
M0
100%
A1
100%
L1
100%
G2
100%
H2
100%
I3
100%
K3
100%
E7
100%
N5
88%
Q0
75%
P1
75%
O2
75%
R2
63%
S8
63%
V0
50%
W0
50%
Y0
50%
Z0
50%
X1
50%
U2
50%
T3
50%

Score Distribution

Percentile by Number Answered

Percent of People with Each Score

Your Score History

You have not taken this quiz since the last reset